| 000 | 00368nam a2200157Ia 4500 | ||
|---|---|---|---|
| 999 |
_c31720 _d31720 |
||
| 003 | OSt | ||
| 005 | 20250710110144.0 | ||
| 008 | 250310s9999||||xx |||||||||||||| ||und|| | ||
| 040 | _c. | ||
| 082 |
_a823 _bP994 |
||
| 100 |
_95995 _aPuzo, Mario |
||
| 245 | 0 |
_aThe godfather / _cMario Puzo |
|
| 260 |
_aLondon : _bArrow books, _c1998. |
||
| 300 | _a595 p. | ||
| 942 |
_cBK _2ddc |
||